[Event "TCh-FRA Top 16 GpB 2022"]
[Site "Chartres FRA"]
[Date "2022.06.15"]
[Round "7.4"]
[Board "3"]
[White "Vocaturo, Daniele"]
[Black "Solodovnichenko, Yuri"]
[Result "1-0"]
[WhiteTitle "GM"]
[BlackTitle "GM"]
[WhiteElo "2608"]
[BlackElo "2492"]
[WhiteTeam "Clichy-Echecs-92"]
[BlackTeam "Vandoeuvre-Echecs"]
[WhiteFideId "813192"]
[BlackFideId "14104369"]
[EventDate "2022.06.09"]

1. e4 c5 2. Nf3 Nc6 3. d4 cxd4 4. Nxd4 Nf6 5. Nc3 d6 6. Bg5 e6 7. Qd2 a6 8.
O-O-O Be7 9. f4 Nxd4 10. Qxd4 b5 11. Be2 Rb8 12. e5 dxe5 13. Qxe5 Qb6 14. f5
exf5 15. Bf3 b4 16. Rhe1 Be6 17. Be3 Ng4 18. Bxg4 Bf6 19. Qg3 Bg5 20. Nd5 Bxe3+
21. Rxe3 1-0

[Event "TCh-FRA Top 16 GpB 2022"]
[Site "Chartres FRA"]
[Date "2022.06.15"]
[Round "7.4"]
[Board "4"]
[White "Philippe, Christophe"]
[Black "Libiszewski, Fabien"]
[Result "1/2-1/2"]
[WhiteTitle "IM"]
[BlackTitle "GM"]
[WhiteElo "2383"]
[BlackElo "2519"]
[WhiteTeam "Vandoeuvre-Echecs"]
[BlackTeam "Clichy-Echecs-92"]
[WhiteFideId "610038"]
[BlackFideId "616834"]
[EventDate "2022.06.09"]

1. d4 Nf6 2. Nf3 g6 3. g3 Bg7 4. Bg2 O-O 5. O-O d5 6. c4 c6 7. Nc3 dxc4 8. a4 a5
9. e4 Bg4 10. Be3 e5 11. dxe5 Nfd7 12. e6 fxe6 13. h3 Bxf3 14. Bxf3 Ne5 15. Bg4
Qe7 16. f4 Rd8 17. Qe2 Nxg4 18. Qxg4 Rd3 19. Bf2 Bxc3 20. bxc3 Nd7 21. Rab1 Nf8
22. f5 e5 23. f6 Qxf6 24. Bc5 h5 25. Rxf6 hxg4 26. Bxf8 Rxf8 27. Rxg6+ Kh7 28.
Rxg4 Rf7 29. Rg5 Rxc3 30. Rxe5 Rxg3+ 31. Kh2 Rb3 32. Rc1 Rf2+ 33. Kg1 Ra2 34.
Rxa5 Rg3+ 35. Kf1 Rxh3 36. Kg1 Rg3+ 37. Kf1 Rf3+ 38. Kg1 Re3 39. Re5 Rg3+ 40.
Kf1 Rxa4 41. Kf2 Rb3 42. Rc2 Kg6 43. Rc5 Kf6 44. R5xc4 Rxc4 45. Rxc4 Ke5 46. Ke2
Kd6 47. Rd4+ Ke5 48. Rc4 Rb5 49. Kd3 c5 50. Ra4 b6 51. Ra8 Rb3+ 52. Kc2 c4 53.
Re8+ Kd4 54. e5 Rh3 55. e6 Rh2+ 56. Kb1 Kc3 57. Rb8 Rh1+ 58. Ka2 Kc2 59. Rxb6 c3
60. e7 Re1 61. Rb7 Re4 62. Ra7 Kd2 63. Kb3 c2 64. Rd7+ Kc1 65. Rc7 Re3+ 66. Rc3
Rxe7 1/2-1/2

[Event "TCh-FRA Top 16 GpB 2022"]
[Site "Chartres FRA"]
[Date "2022.06.15"]
[Round "7.4"]
[Board "5"]
[White "Tregubov, Pavel V."]
[Black "Nezar, Mustapha"]
[Result "1-0"]
[WhiteTitle "GM"]
[BlackTitle "IM"]
[WhiteElo "2543"]
[BlackElo "2357"]
[WhiteTeam "Clichy-Echecs-92"]
[BlackTeam "Vandoeuvre-Echecs"]
[WhiteFideId "4115341"]
[BlackFideId "608637"]
[EventDate "2022.06.09"]

1. e4 c5 2. Nf3 e6 3. c3 Nf6 4. e5 Nd5 5. d4 cxd4 6. cxd4 d6 7. Bc4 Be7 8. O-O
O-O 9. Qe2 Nc6 10. Rd1 Na5 11. Bd3 Nb4 12. Nc3 Nxd3 13. Rxd3 b6 14. b4 Nc6 15.
a3 d5 16. Ne1 f6 17. exf6 Bxf6 18. Nf3 Bd7 19. Bf4 Rc8 20. Bd6 Re8 21. Qd2 Ne7
22. Re1 Nf5 23. Be5 Be7 24. h3 Nd6 25. Qf4 Nc4 26. Qg4 Nxe5 27. Nxe5 Bf6 28. Rf3
Bxe5 29. Rxe5 Rf8 30. Rxf8+ Qxf8 31. Re3 Qf6 32. Ne2 Rf8 33. Rf3 Qe7 34. Nf4 Rf5
35. Nd3 Rxf3 36. Qxf3 Bb5 37. Ne5 Qc7 38. Qg4 Qe7 39. Qf4 Qc7 40. h4 Be8 41. Qe3
Bf7 42. Qd2 Be8 43. g4 Ba4 44. Kg2 Bb5 45. h5 h6 46. Qe3 Be8 47. Nd3 Bf7 48. Nf4
a5 49. bxa5 bxa5 50. Kh3 Qb6 51. Kg3 Qc7 52. Kf3 Qc2 53. Kg3 Qc7 54. Kh3 Qb6 55.
Nd3 Qb1 56. Kg2 Qd1 57. Ne5 Be8 58. Nf3 Bf7 59. Qc3 a4 60. Ne5 Be8 61. Qc8 Kf8
62. Qd8 Qxd4 63. Ng6+ Kf7 64. Qe7+ 1-0

[Event "TCh-FRA Top 16 GpB 2022"]
[Site "Chartres FRA"]
[Date "2022.06.15"]
[Round "7.4"]
[Board "6"]
[White "Thomas, Anysia"]
[Black "Delorme, Axel"]
[Result "0-1"]
[WhiteTitle "WFM"]
[BlackTitle "GM"]
[WhiteElo "2137"]
[BlackElo "2464"]
[WhiteTeam "Vandoeuvre-Echecs"]
[BlackTeam "Clichy-Echecs-92"]
[WhiteFideId "670472"]
[BlackFideId "632023"]
[EventDate "2022.06.09"]

1. d4 d5 2. c4 c6 3. Nf3 Nf6 4. e3 Bg4 5. Qb3 Qb6 6. Nc3 e6 7. Nh4 Bh5 8. h3 g5
9. Nf3 h6 10. Ne5 Nfd7 11. Qxb6 axb6 12. Nxd7 Nxd7 13. cxd5 exd5 14. Bd3 Rg8 15.
Bd2 b5 16. f3 Bg6 17. e4 b4 18. Ne2 Nf6 19. Ng3 Bd6 20. Kf2 Bxg3+ 21. Kxg3 dxe4
22. fxe4 O-O-O 23. d5 Bxe4 24. Be2 Nxd5 25. Rac1 f5 26. Rhe1 Rge8 27. a4 f4+ 28.
Kh2 Kb8 29. Bh5 Nf6 30. Bxf4+ gxf4 31. Bxe8 Rxe8 32. Rc4 b3 33. Rb4 Rd8 34. Re2
Rd3 35. Rf2 Ka7 36. Rxf4 Rd2 37. Rxf6 Rxg2+ 38. Kh1 Bd5 39. Rf5 Rg4+ 40. Rxd5
Rxb4 41. Rd3 c5 42. a5 c4 43. Rd4 Ka6 44. Rd6+ Kxa5 45. Rxh6 Rb6 46. Rh5+ Rb5
47. Rh8 c3 0-1

[Event "TCh-FRA Top 16 GpB 2022"]
[Site "Chartres FRA"]
[Date "2022.06.15"]
[Round "7.4"]
[Board "7"]
[White "Hamdouchi, Hicham"]
[Black "Adrian, Claude"]
[Result "1-0"]
[WhiteTitle "GM"]
[BlackTitle "IM"]
[WhiteElo "2536"]
[BlackElo "2173"]
[WhiteTeam "Clichy-Echecs-92"]
[BlackTeam "Vandoeuvre-Echecs"]
[WhiteFideId "9000011"]
[BlackFideId "601071"]
[EventDate "2022.06.09"]

1. e4 e6 2. d4 d5 3. e5 c5 4. c3 Qb6 5. Nf3 Nc6 6. Be2 cxd4 7. cxd4 Nh6 8. Bxh6
Qxb2 9. Nbd2 gxh6 10. O-O Qb6 11. Rb1 Qd8 12. Qc2 Bg7 13. Bd3 Bd7 14. Rxb7 Na5
15. Rc7 O-O 16. Qc5 Nc4 17. Bxc4 dxc4 18. Rb1 a6 19. Nxc4 Rc8 20. Rbb7 Rxc7 21.
Rxc7 Bb5 22. Nd6 Be2 23. Nd2 Qg5 24. N2e4 Qg6 25. Qc3 h5 26. h3 h4 27. Rc8 h5
28. a4 Rxc8 29. Qxc8+ Kh7 30. Nxf7 1-0

[Event "TCh-FRA Top 16 GpB 2022"]
[Site "Chartres FRA"]
[Date "2022.06.15"]
[Round "7.4"]
[Board "8"]
[White "Pourquet, Matthieu"]
[Black "Benmesbah, Natacha"]
[Result "0-1"]
[BlackTitle "WIM"]
[WhiteElo "2192"]
[BlackElo "2280"]
[WhiteTeam "Vandoeuvre-Echecs"]
[BlackTeam "Clichy-Echecs-92"]
[WhiteFideId "20654642"]
[BlackFideId "642002"]
[EventDate "2022.06.09"]

1. d4 Nf6 2. c4 g6 3. Nc3 Bg7 4. e4 d6 5. Nf3 O-O 6. h3 c5 7. d5 e6 8. Be3 exd5
9. cxd5 Nbd7 10. Bd3 Re8 11. O-O a6 12. a4 Rb8 13. Nd2 Nh5 14. Be2 Qh4 15. Nf3
Qe7 16. Nd2 Bxc3 17. bxc3 Nhf6 18. Bf3 b5 19. axb5 axb5 20. Bf4 Ne5 21. Bg5 Kg7
22. Be2 h6 23. Bh4 g5 24. Bg3 Ng6 25. Re1 Nd7 26. Ra7 Qf6 27. Qa1 Nf4 28. Bf1
Ne5 29. Rb1 Bd7 30. Qa5 c4 31. Ra6 Red8 32. f3 g4 33. hxg4 h5 34. Qc7 Be8 35.
gxh5 Qg5 36. h6+ Qxh6 37. Qe7 Nfg6 38. Bxe5+ Nxe5 39. Qxe5+ dxe5 40. Rxh6 Kxh6
41. Kf2 Ra8 42. Be2 Ra2 43. Rh1+ Kg7 44. Nf1 Bd7 45. Ng3 Rc2 46. Ra1 Rxc3 47.
Nh5+ Kg6 48. f4 exf4 49. Ra6+ Kg5 50. Nf6 Be6 51. Nh5 Bc8 52. Rb6 Rc2 53. Nf6
Be6 54. e5 Bxd5 55. Rxb5 Bxg2 56. Nd7 Bc6 57. Rc5 Bxd7 58. e6+ Kf6 59. exd7 Rxd7
60. Rxc4 Rdd2 61. Rxc2 Rxc2 62. Kf3 Rxe2 0-1